000 00692nam a22002177a 4500
003 DO-SdBNP
005 20221129131026.0
007 ta
008 221101b2019 dr ||||| |||| 00| 0 spa d
020 _a9789945915358
040 _aDO-SdBNP
_bspa
_cBNPHU
082 4 _a248.4
_bB588r
_222
100 1 _aBierd, David
_982634
245 1 0 _aRecuperando el corazón :
_buniendo las partes que fueron rotas /
_cDavid Bierd
260 _aSanto Domingo :
_bGraphic Colonial,
_c2019.
300 _a108 p. ;
_c22 cm.
500 _aIncluye datos biográficos del autor en la contracubierta
590 _aInventariado, 2022/MFF
910 _aBtavárez/Validado. Control de calidad MFF
942 _2ddc
_cLBS1
999 _c52708
_d52708